000 00541nam a2200181 a 4500
005 20240411063731.0
008 991125s1980 xal 000 0 spa u
035 _aUPN01000043309
049 _aCG
050 4 _aF1227
_bH4.6
100 1 _aHermida Ruiz, Ángel J.
_928891
245 1 0 _aPáginas históricas /
_cAngel J. Hermida Ruiz.
260 _aXalapa :
_bGobierno del Estado de Veracruz,
_c1980.
300 _a86 p.
500 _aUn ejemplar imperfecto, le faltan las pags. 47-64
651 4 _aMéxico
_xHistoria
_94558
905 _aLibro
999 _c43309
_d43309